000 00730cam a22001451 4500
001 000001234
005 20250307092350.0
008 760806m1943 bl abcf 000 0 por
040 _aDO-SdBNP
_bspa
_cBNPHU
111 2 _aCongresso brasileiro de direito social
_n(1st :
_d1941 :
_cSao Paulo)
_94199
245 1 0 _aAnais do primeiro Congresso brasileiro de direito social, :
_bpromovido pelo Instituto de direito social, /
_cSao Paulo, Brasil.
260 _aRio de Janeiro, :
_bServico de estatistica da previdencia e trabalho. Ministerio do trabalho,industria e comercio,
_c1943-.
300 _av. :
_billus. (maps) plates, group ports., facsims., diagrs. ;
_c23 cm.
710 1 _aBrasil.
_bServico de Estatistica da Previdencia e Trabalho
_94200
999 _c1181
_d1181